Normal view MARC view
  • A.V. Bakshi, K.A. bakshi

Entry Corporate Name

Number of records used in: 1

001 - CONTROL NUMBER

  • control field: 124553

003 - CONTROL NUMBER IDENTIFIER

  • control field: NUST

005 - DATE AND TIME OF LATEST TRANSACTION

  • control field: 20240718113411.0

008 - FIXED-LENGTH DATA ELEMENTS

  • fixed length control field: 240718|| aca||aabn | a|a d

040 ## - CATALOGING SOURCE

  • Original cataloging agency: NUST
  • Transcribing agency: NUST

110 ## - HEADING--CORPORATE NAME

  • Corporate name or jurisdiction name as entry element: A.V. Bakshi, K.A. bakshi

670 ## - SOURCE DATA FOUND

  • Source citation: Work cat.: (NUST): U.A bakshi 124552, Antenna & Wave Propagation, 2012
© 2023 Central Library, National University of Sciences and Technology. All Rights Reserved.